MARC details
| 000 -LEADER |
| campo de control de longitud fija |
02578cam a2200481 i 4500 |
| 003 - IDENTIFICADOR DE NÚMERO DE CONTROL |
| campo de control |
BJBSDDR |
| 005 - FECHA Y HORA DE LA ÚLTIMA TRANSACCIÓN |
| campo de control |
20230411090112.0 |
| 007 - CAMPO FIJO DE DESCRIPCIÓN FÍSICA--INFORMACIÓN GENERAL |
| campo de control de longitud fija |
ta |
| 008 - DATOS DE LONGITUD FIJA--INFORMACIÓN GENERAL |
| campo de control de longitud fija |
070519t20162016nyua 001 0 eng |
| 020 ## - NÚMERO INTERNACIONAL ESTÁNDAR DEL LIBRO |
| Número Internacional Estándar del Libro |
9780374273538 (hardcover) |
| 040 ## - FUENTE DE CATALOGACIÓN |
| Centro catalogador/agencia de origen |
DLC |
| Lengua de catalogación |
spa |
| Centro/agencia transcriptor |
DLC |
| 041 ## - CÓDIGO DE IDIOMA |
| Código de lengua del texto/banda sonora o título independiente |
eng |
| 042 ## - CÓDIGO DE AUTENTICACIÓN |
| Código de autenticación |
pcc |
| 050 00 - SIGNATURA TOPOGRÁFICA DE LA BIBLIOTECA DEL CONGRESO |
| Número de clasificación |
HM 846 |
| Número de ítem |
F911t 2016 |
| 082 00 - NÚMERO DE LA CLASIFICACIÓN DECIMAL DEWEY |
| Número de clasificación |
303.48/3 |
| Número de edición |
23 |
| 100 ## - ENTRADA PRINCIPAL--NOMBRE DE PERSONA |
| Nombre de persona |
Friedman, Thomas L., |
| Fechas asociadas al nombre |
1953- |
| Forma completa/desarrollada del nombre |
(Thomas Loren), |
| 245 10 - MENCIÓN DEL TÍTULO |
| Título |
Thank you for being late : |
| Resto del título |
an optimist's guide to thriving in the age of accelerations / |
| Mención de responsabilidad, etc. |
Thomas L. Friedman. |
| 250 ## - MENCION DE EDICION |
| Mención de edición |
First edition. |
| 264 #1 - PRODUCCIÓN, PUBLICACIÓN, DISTRIBUCIÓN, FABRICACIÓN Y COPYRIGHT |
| Producción, publicación, distribución, fabricación y copyright |
New York : |
| Nombre del de productor, editor, distribuidor, fabricante |
Farrar, Straus and Giroux, |
| Fecha de producción, publicación, distribución, fabricación o copyright |
2016. |
| 300 ## - DESCRIPCIÓN FÍSICA |
| Extensión |
486 pages : |
| Otras características físicas |
illustrations ; |
| Dimensiones |
24 cm |
| 336 ## - TIPO DE CONTENIDO |
| Término de tipo de contenido |
text |
| Código de tipo de contenido |
txt |
| Fuente |
rdacontent |
| 337 ## - TIPO DE MEDIO |
| Nombre/término del tipo de medio |
unmediated |
| Código del tipo de medio |
n |
| Fuente |
rdamedia |
| 338 ## - TIPO DE SOPORTE |
| Nombre/término del tipo de soporte |
volume |
| Código del tipo de soporte |
nc |
| Fuente |
rdacarrier |
| 500 ## - NOTA GENERAL |
| Nota general |
This recording contains program announcements from a broadcast of Minnesota Radio Talking Book. |
| 505 ## - NOTA DE CONTENIDO CON FORMATO |
| Nota de contenido con formato |
Part I. Reflecting. Thank you for being late --<br/>Part II. Accelerating. What the hell happened in 2007? --<br/>Moore's law --<br/>The supernova --<br/>The market --<br/>Mother Nature --<br/>Part III. Innovating. Just too damned fast --<br/>Turning AI into IA --<br/>Control vs. Kaos --<br/>Mother Nature as political mentor --<br/>Is God in cyberspace? --<br/>Always looking for Minnesota --<br/>You can go home again (and you should!) --<br/>Part IV. Anchoring. From Minnesota to the world and back. |
| 520 ## - RESUMEN, ETC. |
| Sumario, etc. |
<br/>Friedman discusses how the key to understanding the 21st century is understanding that the planet's three largest forces--Moore's law (technology), the market (globalization) and Mother Nature (climate change and biodiversity loss)--are accelerating all at once. And these accelerations are transforming the five key realms: the workplace, politics, geopolitics, ethics, and community. Friedman posits that we should |
| 650 #0 - PUNTO DE ACCESO ADICIONAL DE MATERIA--TÉRMINO DE MATERIA |
| Término de materia o nombre geográfico como elemento de entrada |
Technological innovations |
| Subdivisión general |
Social aspects. |
| 650 #0 - PUNTO DE ACCESO ADICIONAL DE MATERIA--TÉRMINO DE MATERIA |
| Término de materia o nombre geográfico como elemento de entrada |
Technology and civilization. |
| 650 #0 - PUNTO DE ACCESO ADICIONAL DE MATERIA--TÉRMINO DE MATERIA |
| Término de materia o nombre geográfico como elemento de entrada |
Climatic changes |
| Subdivisión general |
Social aspects. |
| 650 #0 - PUNTO DE ACCESO ADICIONAL DE MATERIA--TÉRMINO DE MATERIA |
| Término de materia o nombre geográfico como elemento de entrada |
Geopolitics. |
| 650 #0 - PUNTO DE ACCESO ADICIONAL DE MATERIA--TÉRMINO DE MATERIA |
| Término de materia o nombre geográfico como elemento de entrada |
Political participation. |
| 650 #0 - PUNTO DE ACCESO ADICIONAL DE MATERIA--TÉRMINO DE MATERIA |
| Término de materia o nombre geográfico como elemento de entrada |
Globalization. |
| 650 #0 - PUNTO DE ACCESO ADICIONAL DE MATERIA--TÉRMINO DE MATERIA |
| Término de materia o nombre geográfico como elemento de entrada |
Civilization, Modern |
| Subdivisión cronológica |
21st century. |
| 650 #4 - PUNTO DE ACCESO ADICIONAL DE MATERIA--TÉRMINO DE MATERIA |
| Término de materia o nombre geográfico como elemento de entrada |
Innovaciones tecnológicas |
| 9 (RLIN) |
1640 |
| Subdivisión general |
Aspectos sociales |
| 650 #4 - PUNTO DE ACCESO ADICIONAL DE MATERIA--TÉRMINO DE MATERIA |
| Término de materia o nombre geográfico como elemento de entrada |
Tecnología y civilización |
| 9 (RLIN) |
598 |
| 650 #4 - PUNTO DE ACCESO ADICIONAL DE MATERIA--TÉRMINO DE MATERIA |
| Término de materia o nombre geográfico como elemento de entrada |
Cambios climáticos |
| 9 (RLIN) |
2215 |
| Subdivisión general |
Aspectos sociales |
| 650 #4 - PUNTO DE ACCESO ADICIONAL DE MATERIA--TÉRMINO DE MATERIA |
| Término de materia o nombre geográfico como elemento de entrada |
Globalización |
| 9 (RLIN) |
1438 |
| 650 #4 - PUNTO DE ACCESO ADICIONAL DE MATERIA--TÉRMINO DE MATERIA |
| Término de materia o nombre geográfico como elemento de entrada |
Civilización moderna |
| 9 (RLIN) |
3089 |
| 906 ## - ELEMENTOS DE DATOS F LOCAL, LDF (RLIN) |
| a |
7 |
| b |
cbc |
| c |
orignew |
| d |
1 |
| e |
ecip |
| f |
20 |
| g |
y-gencatlg |
| 942 ## - ELEMENTOS DE ENTRADA SECUNDARIOS (KOHA) |
| Fuente del sistema de clasificación o colocación |
Clasificación de Library of Congress |
| Tipo de ítem Koha |
Libro |
| 946 ## - PROCESAMIENTO DE INFORMACIÓN LOCAL (OCLC) |
| Iniciales del agente catalogador |
dpf |